How fast can you type 1-10 Quiz Stats

 Plays Quiz not verified by Sporcle

Score 0/10 Timer 00:30
0 Plays Today
Hint Answer % Correct
10th Number10
94.6%
1st Number 01
83.8%
2nd Number02
81.1%
3rd Number03
80.2%
4th Number04
80.2%
5th Number05
80.2%
6th Number06
80.2%
7th Number07
79.3%
8th Number08
79.3%
9th Number09
79.3%

You're not logged in!

Compare scores with friends on all Sporcle quizzes.
OR
Log In

Show Comments

Extras

Top Quizzes Today


Score Distribution

Your Account Isn't Verified!

In order to create a playlist on Sporcle, you need to verify the email address you used during registration. Go to your Sporcle Settings to finish the process.

Report this User

Report this user for behavior that violates our Community Guidelines.

Details: